[Event "1st Serbian League Men"]
[Site "Zlatibor SRB"]
[Date "2007.08.24"]
[Round "4"]
[White "Miladinovic,I"]
[Black "Markovic,Miros1"]
[Result "1-0"]
[WhiteElo "2605"]
[BlackElo "2442"]

1.d4 Nf6 2.Bg5 Ne4 3.Bf4 d6 4.Nd2 Nf6 5.c3 e5 6.dxe5 Nh5 7.Ngf3 Nxf4 8.Qa4+ Nc6
9.Qxf4 Be6 10.Qa4 Qd7 11.exd6 Bxd6 12.e3 O-O 13.Ne4 Be7 14.Rd1 Qc8 15.Bb5 Nb8
16.Neg5 c6 17.Bd3 Bf5 18.Bxf5 Qxf5 19.Qe4 Qxe4 20.Nxe4 f5 21.Neg5 Rf6 22.h4 h6
23.Nh3 Bd6 24.h5 Na6 25.g3 Nc5 26.Nf4 Re8 27.Ke2 a5 28.Rh4 a4 29.a3 b5 30.Ng6 Ne4
31.Nd2 Nc5 32.Rd4 Bc7 33.Nf3 Rfe6 34.Nfh4 Rf6 35.c4 Rb8 36.Nxf5 bxc4 37.Rxc4 Rxb2+
38.Rd2 Rb5 39.Rdc2 Bb6 40.g4 Kh7 41.f4 Ba7 42.Nd4 Ra5 43.Ne5 Ne6 44.Ndxc6 Ra6
45.Ne7 Rd6 46.Rxa4 Bc5 47.f5 Rd8  1-0

[Event "Open A"]
[Site "Polanica Zdroj POL"]
[Date "2007.08.25"]
[Round "9"]
[White "Betkowski,A"]
[Black "Krupa,K"]
[Result "0-1"]
[WhiteElo "2224"]
[BlackElo "2116"]

1.d4 Nf6 2.Bg5 Ne4 3.Bf4 c5 4.d5 Qb6 5.Bc1 e6 6.f3 Qa5+ 7.c3 Nf6 8.e4 d6
9.Nd2 Qc7 10.c4 Be7 11.Ne2 exd5 12.exd5 b5 13.Ng3 O-O 14.b3 Nbd7 15.Be2 Ne5
16.O-O Re8 17.Bb2 Ng6 18.f4 bxc4 19.bxc4 Rb8 20.Bc3 Bd8 21.f5 Ne5 22.h3 Qe7
23.Qc2 Ned7 24.Nf3 Qe3+ 25.Kh2 Ne5 26.Nxe5 dxe5 27.Rae1 Bc7 28.Bd3 Qh6 29.Bd2 Qh4
30.Ne4 Nxe4 31.Bxe4 Qf6 32.Qc3 Ba6 33.Rc1 Rb6 34.Qg3 h6 35.Ba5 Rb7 36.Bd2 Rb2
37.Be3 Bd6 38.Rf2 Reb8 39.Qf3 R8b4 40.a3 R4b3 41.Rxb2 Rxb2 42.Qd1 Qh4 43.Qd3 g5
44.Rc2 Rb3 45.Qxb3 Qxe4 46.f6 g4 47.Bf2 Bc8 48.hxg4 Bxg4 49.Qa4 Qg6 50.Bg3 h5
51.Rb2 Qxf6 52.Qe8+ Kg7  0-1

[Event "Euwe Stimulans"]
[Site "Arnhem NED"]
[Date "2007.08.26"]
[Round "9"]
[White "Rothuis,V"]
[Black "Ziska,H"]
[Result "0-1"]
[WhiteElo "2441"]
[BlackElo "2392"]

1.d4 Nf6 2.Bg5 Ne4 3.Bh4 g5 4.f3 gxh4 5.fxe4 c5 6.Nc3 cxd4 7.Qxd4 Rg8 8.Qf2 Bg7
9.Qxh4 Qa5 10.Qg3 Nc6 11.Nh3 d5 12.exd5 Nb4 13.Kd1 Nxd5 14.e4 Bg4+  0-1

[Event "XIX Open"]
[Site "Porto San Giorgio ITA"]
[Date "2007.08.27"]
[Round "7"]
[White "Cristiani,C"]
[Black "Hamdouchi,H"]
[Result "0-1"]
[WhiteElo "2159"]
[BlackElo "2576"]

1.d4 Nf6 2.Bg5 Ne4 3.Bf4 d5 4.e3 c5 5.Bd3 Nf6 6.dxc5 Nc6 7.Nf3 Bg4 8.Bb5 Qa5+
9.Nc3 Bxf3 10.gxf3 e6 11.a3 Nd7 12.b4 Qd8 13.Bg3 Qf6 14.Na4 Be7 15.Ke2 O-O
16.h4 h5 17.Bf4 e5 18.Bg5 Qe6 19.Bxe7 Nxe7 20.Bxd7 Qxd7 21.c4 Rfd8 22.Nc3 d4
23.Ne4 Qe6 24.Qb3 Nf5 25.Ng5 Qe7 26.Rag1 dxe3 27.fxe3 Rd7 28.Ne4 Rad8 29.Rd1 Nxh4
30.Rxd7 Rxd7 31.Rd1 f5 32.Rxd7 Qxd7 33.Nd6 Qc6 34.e4 fxe4 35.fxe4 Ng6 36.Qg3 Nf4+
37.Kf3 Qa4 38.Nf5 Qxa3+ 39.Kf2 Qa2+ 40.Kf3 Qe2+  0-1

[Event "IX Sants Open"]
[Site "Barcelona ESP"]
[Date "2007.08.28"]
[Round "5"]
[White "Smallbone,K"]
[Black "Cornette,M"]
[Result "1-0"]
[WhiteElo "2216"]
[BlackElo "2487"]

1.d4 Nf6 2.Bg5 Ne4 3.Bf4 d5 4.e3 c5 5.Bd3 Nf6 6.c3 Nc6 7.Nd2 Bg4 8.Ngf3 Nh5
9.Bg5 h6 10.Bh4 g5 11.h3 Bd7 12.Ne5 Nxe5 13.dxe5 Ng7 14.Bg3 Qb6 15.Rb1 O-O-O
16.b4 c4 17.Bc2 Nf5 18.Bh2 h5 19.e4 Nh4 20.O-O Be6 21.Qe2 dxe4 22.Nxc4 Qa6
23.b5 Qxa2 24.Ne3 g4 25.Ra1 Qb2 26.Rxa7 Bh6 27.Nc4 Nf3+ 28.gxf3 gxf3 29.Qxe4 Qxb5
30.Ba4 Rhg8+ 31.Kh1  1-0

[Event "zt 3.2"]
[Site "Dhaka BAN"]
[Date "2007.08.28"]
[Round "8"]
[White "Russell,MKA"]
[Black "Gopal,G"]
[Result "1/2-1/2"]
[WhiteElo "2220"]
[BlackElo "2480"]

1.d4 Nf6 2.Bg5 Ne4 3.Bf4 c5 4.f3 Qa5+ 5.c3 Nf6 6.Nd2 cxd4 7.Nb3 Qd8 8.cxd4 d5
9.e3 Nc6 10.Rc1 e6 11.Bb5 Bd7 12.g4 Bb4+ 13.Kf2 O-O 14.Ne2 Re8 15.Ng3 g5
16.Bxg5 Nxg4+ 17.fxg4 Qxg5 18.h4 Qe7 19.g5 e5 20.Bxc6 bxc6 21.Nh5 e4 22.Nf6+ Kh8
23.Nc5 Bf5 24.Rf1 Rg8 25.Qh5 Qd6 26.Rg1 Rg7 27.a3 Bxc5 28.Rxc5 a5 29.Ng4 Rb8
30.Rgc1 Bxg4 31.Qxg4  1/2-1/2

[Event "13th Open"]
[Site "Chambery FRA"]
[Date "2007.08.29"]
[Round "2"]
[White "Heyman,J"]
[Black "Peguret,P"]
[Result "0-1"]
[WhiteElo "1903"]
[BlackElo "2002"]

1.d4 Nf6 2.Bg5 Ne4 3.Bf4 c5 4.f3 Qa5+ 5.c3 Nf6 6.Nd2 cxd4 7.Nb3 Qd8 8.cxd4 d5
9.Qc2 Nc6 10.a3 g6 11.e3 Bf5 12.Bd3 Bxd3 13.Qxd3 Bg7 14.g4 O-O 15.Ne2 Nd7
16.Kf2 e5 17.Bg3 f5 18.gxf5 Rxf5 19.Kg2 Rxf3 20.dxe5 Ndxe5 21.Qb5 a6 22.Qc5 Nd3
23.Qc2 Rxe3 24.Rad1 Nxb2 25.Rb1 Nc4 26.Qa2 Qe7 27.Rhe1 Re8 28.Nbc1 Qe4+ 29.Kg1 Rxa3
30.Qxa3 Nxa3 31.Rxb7 Nd4 32.Nc3 Qxe1+ 33.Bxe1 Rxe1+ 34.Kg2 Rxc1 35.Nxd5 Rc2+
36.Kh3 Be5 37.Ne3 Rxh2+ 38.Kg4 Re2 39.Nf1 Re1 40.Nd2 Rg1+ 41.Kh3 Rg3+  0-1

[Event "15th Open"]
[Site "Nikea GRE"]
[Date "2007.08.30"]
[Round "9"]
[White "Katsiris,I"]
[Black "Michelakos,P"]
[Result "0-1"]
[WhiteElo "2124"]
[BlackElo "1888"]

1.d4 Nf6 2.Bg5 Ne4 3.Bf4 d5 4.Nd2 Nd6 5.e3 Bf5 6.Ngf3 e6 7.Be2 Be7 8.O-O Nd7
9.c4 O-O 10.Rc1 Rc8 11.c5 Ne4 12.Nxe4 Bxe4 13.b4 c6 14.Nd2 Bg6 15.Qa4 a6
16.Nb3 Ra8 17.Qa5 f6 18.Bc7 Qe8 19.Bg4 Bf7 20.Rc3 h5 21.Be2 g5 22.Qa3 Qc8
23.Ba5 Kg7 24.Nd2 f5 25.f4 Rg8 26.Nf3 Kf8 27.Ne5 Nxe5 28.dxe5 Qd7 29.Rc2 Rg7
30.Qc3 Kg8 31.a4 Kh8 32.Rb1 Rag8 33.Bf3 h4 34.Qb2 Qe8 35.Rf2 g4 36.Bd1 g3
37.Rd2 gxh2+ 38.Kxh2 Bh5 39.Rf2 Bxd1 40.Rxd1 Qg6 41.Qe2 Qg3+ 42.Kh1 h3 43.gxh3 Qxh3+
44.Rh2 Qxh2+ 45.Qxh2+ Rh7 46.Qxh7+ Kxh7 47.Kh2 Kh6 48.Bc7 Kh5 49.Rg1 Rxg1
50.Kxg1 Bh4 51.Kf1 Kg4 52.Ke2 Kg3 53.Bd6 Bd8 54.Bf8 d4 55.Bh6 dxe3 56.Kxe3 Kg4
57.Bg7 Bh4 58.Bf6 Be1  0-1

[Event "12th ch-Asia w"]
[Site "Tehran IRI"]
[Date "2007.09.03"]
[Round "1"]
[White "Huang Qian"]
[Black "Tan Zhongyi"]
[Result "1-0"]
[WhiteElo "2410"]
[BlackElo "2276"]

1.d4 Nf6 2.Bg5 Ne4 3.Bf4 c5 4.f3 Qa5+ 5.c3 Nf6 6.d5 Qb6 7.Bc1 e6 8.e4 exd5
9.exd5 Bd6 10.Na3 O-O 11.Nc4 Qc7 12.Kf2 b5 13.Nxd6 Qxd6 14.Bxb5 Qxd5 15.Qxd5 Nxd5
16.Ne2 Nc7 17.Ba4 Ba6 18.Rd1 Re8 19.Nf4 Ne6 20.Kg3 Nxf4 21.Bxf4 Re2 22.b3 Rc2
23.Rdc1 Bd3 24.Rxc2 Bxc2 25.Bxb8 Rxb8 26.Bxd7 Rb7 27.Bc6 Rb6 28.Bd5 Rd6 29.Bc4 Kf8
30.Re1 Bd3 31.Bxd3 Rxd3 32.c4 Rd2 33.Re5 Rxa2 34.Rxc5 Rb2 35.Rb5 Ke7 36.h4 g6
37.Kf4 h5 38.g3 Kf6 39.Rb7 Ke6 40.Ke3 f6 41.b4 Rb3+ 42.Ke4 Rc3 43.Rc7 Kd6
44.Rc8 Kd7 45.Rc5 Kd6 46.Rd5+ Ke6 47.Rd4 g5 48.hxg5 fxg5 49.c5 h4 50.gxh4 gxh4
51.Rd6+ Ke7 52.Kd4 Rxf3 53.Ra6 Rf4+ 54.Kc3 Kf7 55.Rxa7+ Kg6 56.Ra8 Kg7 57.c6 Rf1
58.Kd2 Rf2+ 59.Kd3 Rf3+ 60.Kd4  1-0

[Event "XV Open"]
[Site "Albacete ESP"]
[Date "2007.09.04"]
[Round "4"]
[White "Moya Albadalejo,J"]
[Black "Fernandez Barrera,V"]
[Result "0-1"]
[WhiteElo "1976"]
[BlackElo "2204"]

1.d4 Nf6 2.Bg5 Ne4 3.Bf4 c5 4.f3 Qa5+ 5.c3 Nf6 6.Nd2 cxd4 7.Nb3 Qb6 8.Qxd4 Nc6
9.Qxb6 axb6 10.Be3 b5 11.Nd4 Nxd4 12.Bxd4 e6 13.e4 b4 14.Bc4 bxc3 15.Bxc3 d6
16.Ne2 Be7 17.O-O O-O 18.a4 Bd7 19.a5 Rfc8 20.Bd3 d5 21.Rfc1 dxe4 22.fxe4 Bc6
23.Ng3 Rd8 24.Rd1 Bc5+ 25.Kf1 Ng4 26.Ke2 Nf2 27.Rd2 Nxd3  0-1

[Event "2nd Women's"]
[Site "Baku AZE"]
[Date "2007.09.08"]
[Round "5"]
[White "Stefanova,A"]
[Black "Umudova,N"]
[Result "1-0"]
[WhiteElo "2481"]
[BlackElo "2213"]

1.d4 Nf6 2.Bg5 Ne4 3.Bf4 d6 4.Qd3 Nf6 5.Nc3 g6 6.e4 Bg7 7.h3 Nfd7 8.Nf3 c5
9.d5 O-O 10.Be2 b6 11.Qd2 Re8 12.Bh6 Bh8 13.h4 Nf6 14.h5 e6 15.dxe6 Bxe6
16.hxg6 fxg6 17.Ng5 Qd7 18.O-O-O Nc6 19.Nxe6 Qxe6 20.Qxd6 Nd4 21.Qxe6+ Nxe6
22.e5 Nh5 23.Bxh5 gxh5 24.Rxh5 Nd4 25.f4 Rad8 26.Re1 Rd7 27.Ne4 c4 28.c3 Nc6
29.Reh1 Re6 30.Bg5  1-0

[Event "12th ch-Asia w"]
[Site "Tehran IRI"]
[Date "2007.09.09"]
[Round "7"]
[White "Huang Qian"]
[Black "Ju Wenjun"]
[Result "1/2-1/2"]
[WhiteElo "2410"]
[BlackElo "2345"]

1.d4 Nf6 2.Bg5 Ne4 3.Bf4 d5 4.Nd2 Bf5 5.e3 e6 6.c3 Nxd2 7.Qxd2 Bd6 8.Bxd6 Qxd6
9.Nf3 h6 10.c4 dxc4 11.Bxc4 Nd7 12.O-O O-O 13.Rfd1 Rfd8 14.Rac1 c5 15.Qe2 Qe7
16.h3 Be4 17.Nd2 Bc6 18.Nb3 Ba4 19.Bb5 Bxb3 20.axb3 cxd4 21.Rc7 a6 22.Bxd7 Rxd7
23.Rxd7 Qxd7 24.Rxd4 Qc7  1/2-1/2

[Event "Reykjavik CC Inv"]
[Site "Reykjavik ISL"]
[Date "2007.09.19"]
[Round "3"]
[White "Kaunas,K"]
[Black "Thorfinnsson,Br"]
[Result "1/2-1/2"]
[WhiteElo "2273"]
[BlackElo "2389"]

1.d4 Nf6 2.Bg5 Ne4 3.Bf4 c5 4.f3 Nf6 5.d5 Qa5+ 6.Nc3 d6 7.e4 g6 8.Qd2 a6
9.Nge2 b5 10.Nd1 Qb6 11.a4 Bb7 12.axb5 axb5 13.Rxa8 Bxa8 14.Nec3 b4 15.Na4 Qa7
16.Bb5+ Nbd7 17.c3 bxc3 18.bxc3 Bg7 19.c4 O-O 20.Bh6 Rb8 21.Bxg7 Kxg7 22.Nac3 Bb7
23.O-O Qa5 24.Ne3 Ba6 25.Rb1 Bxb5 26.cxb5 Nb6 27.Qb2 Ra8 28.f4 Qa3 29.Nc2 Qxb2
30.Rxb2 e6 31.dxe6 fxe6 32.e5 dxe5 33.fxe5 Nfd7 34.Ne4 h6 35.Rb1 Ra4 36.Nd6 Ra2
37.Ne3 Nxe5 38.Rc1 Rb2 39.h3 Nd3 40.Rf1 Ne5 41.Ne8+ Kg8 42.Nf6+ Kh8 43.Ra1 Kg7
44.Ne8+ Kf7 45.Nc7 c4 46.Ra7 Nbd7 47.Na8 c3 48.Rc7 Rb1+ 49.Kh2 Rxb5 50.Rxc3 Ke7  1/2-1/2

[Event "17th Senior WCh"]
[Site "Gmunden AUT"]
[Date "2007.09.20"]
[Round "4"]
[White "Chernikov,O1"]
[Black "Zelkind,E"]
[Result "1/2-1/2"]
[WhiteElo "2405"]
[BlackElo "2211"]

1.d4 Nf6 2.Bg5 Ne4 3.Bf4 d5 4.e3 e6 5.Bd3 c5 6.c3 Qb6 7.Qc2 Nf6 8.Nd2 Nc6
9.Ngf3 Be7 10.O-O Bd7 11.dxc5 Bxc5 12.e4 Rc8 13.Bg3 h6 14.exd5 Nxd5 15.Nc4 Qd8
16.Bd6 b5 17.Bxc5 bxc4 18.Bxc4 Na5 19.Bxd5 Rxc5 20.Be4 Nc4 21.Rad1 Qe7 22.Bd3 Nb6
23.c4 O-O 24.Qe2 Rfc8 25.b4 R5c7 26.c5 Nd5 27.Qe4 g6 28.Qd4 a5 29.a3 axb4
30.axb4 Rb8 31.Qe5 Rxb4 32.Bxg6 Ba4 33.Rxd5 exd5 34.Qxd5 Kg7 35.Qd2 Qxc5
36.Bf5  1/2-1/2

[Event "LNA Copa Puma"]
[Site "Argentina ARG"]
[Date "2007.09.22"]
[Round "7"]
[White "Liascovich,L"]
[Black "Shcherbine,A"]
[Result "1-0"]
[WhiteElo "2430"]
[BlackElo "2213"]

1.d4 Nf6 2.Bg5 Ne4 3.Bf4 d5 4.f3 Nf6 5.Nc3 e6 6.Qd2 Bd7 7.e4 dxe4 8.fxe4 Bb4
9.Bd3 Bc6 10.Qe3 Qe7 11.Ne2 Nh5 12.Bg5 f6 13.Bh4 g5 14.Bf2 Nd7 15.O-O-O Bxc3
16.Nxc3 Nf4 17.Bf1 Nb6 18.g3 Ng6 19.h4 O-O-O 20.h5 Nf8 21.g4 f5 22.gxf5 exf5
23.d5 f4 24.Qc5 Qxc5 25.Bxc5 Bd7 26.Be7 h6 27.Bxd8 Kxd8 28.e5 Bg4 29.Re1 Nfd7
30.Bb5 Ke7 31.Rh2 Rd8 32.Rd2 a6 33.d6+ cxd6 34.exd6+ Kf6 35.Bd3 Nc5 36.Bg6 Bf3
37.Rd4 Ne6 38.Rb4 Rxd6 39.Be4 Nd5 40.Nxd5+ Rxd5 41.Bxf3  1-0

[Event "16th Monarch Assurance"]
[Site "Port Erin IOM"]
[Date "2007.09.26"]
[Round "5"]
[White "Wells,P"]
[Black "Kotronias,V"]
[Result "0-1"]
[WhiteElo "2517"]
[BlackElo "2612"]

1.d4 Nf6 2.Bg5 Ne4 3.Bf4 c5 4.f3 Qa5+ 5.c3 Nf6 6.Nd2 cxd4 7.Nb3 Qd8 8.cxd4 e6
9.e4 Nc6 10.Ne2 d5 11.e5 Nd7 12.Nc3 Nb6 13.Bd3 Nc4 14.Qe2 Nb4 15.Bb1 a5 16.Be3 a4
17.Nd2 Nxe3 18.Qxe3 Nc6 19.Ne2 Qb6 20.a3 Bd7 21.f4 Rc8 22.O-O g6 23.Bd3 Be7
24.g4 h5 25.f5 hxg4 26.fxg6 fxg6 27.Bxg6+ Kd8 28.Rf7 Rh3 29.Qf4 Qxb2 30.Rb1 Qxa3
31.Rxb7 Rb8 32.Rxb8+ Nxb8 33.Qxg4 Qe3+ 34.Kg2 Rh4 35.Qf3 Qxd2 36.Rxe7 Qg5+  0-1

[Event "6th ch-Asia"]
[Site "Cebu City PHI"]
[Date "2007.09.28"]
[Round "10"]
[White "Moradiabadi,E"]
[Black "Nouri,H"]
[Result "1-0"]
[WhiteElo "2540"]
[BlackElo "2426"]

1.d4 Nf6 2.Bg5 Ne4 3.Bf4 e6 4.e3 b6 5.Nf3 Bb7 6.Bd3 Be7 7.Nbd2 Nxd2 8.Qxd2 c5
9.Qe2 Nc6 10.c3 O-O 11.O-O d6 12.Rad1 Qc7 13.a3 Rad8 14.e4 e5 15.Be3 Bf6
16.d5 Ne7 17.Ba6 g6 18.Bxb7 Qxb7 19.b4 Qc7 20.c4 Bg7 21.Rb1 h6 22.Nd2 f5
23.f3 f4 24.Bf2 g5 25.Rb3 Qd7 26.bxc5 dxc5 27.Ra1 Qa4 28.Rb2 Nc8 29.Qd1 Qd7
30.a4 Rf6 31.a5 Rg6 32.axb6 axb6 33.Ra8 Kh7 34.Qa4 Qc7 35.h3 h5 36.Kf1 Rg8
37.Rb3 Rh6 38.Rd3 Rf8 39.Qa6 Rg8 40.Ke2 Rf8 41.Qa4 Rg8 42.Nb1 g4 43.Nc3 gxh3
44.gxh3 Rg6 45.Rd1 Bf8 46.Qa6 Bg7 47.Rg1 Rxg1 48.Bxg1 h4 49.Qa4 Nd6 50.Rxg8 Kxg8
51.Nb5 Nxb5 52.Qxb5 Bf8 53.Qe8 Qa7 54.Qe6+ Kh7 55.Kf1 Qc7 56.Bf2 Kh8 57.Bxh4 Qa7
58.Qxe5+  1-0

[Event "17th Senior WCh"]
[Site "Gmunden AUT"]
[Date "2007.09.28"]
[Round "11"]
[White "Chernikov,O1"]
[Black "Kaminik,A"]
[Result "1/2-1/2"]
[WhiteElo "2405"]
[BlackElo "2288"]

1.d4 Nf6 2.Bg5 Ne4 3.Bf4 c5 4.f3 Nf6 5.d5 g6 6.e4 d6 7.Nc3 Bg7 8.Bb5+ Nbd7
9.a4 O-O 10.Nh3 Nh5 11.Bg5 h6 12.Be3 Ne5 13.Nf2 c4 14.f4 a6 15.fxe5 axb5
16.axb5 Rxa1 17.Qxa1 g5 18.Qa4 Bxe5 19.Qxc4 Qa5 20.O-O Bd7 21.Qe2 Nf6 22.h4 gxh4
23.Bxh6 Rc8 24.Nd3 Bd4+ 25.Be3 Qb6 26.Bxd4 Qxd4+ 27.Qf2 Qxf2+ 28.Kxf2 Kg7
29.Ke3 Rh8 30.Rh1 Rh5 31.Nf4 Ng4+ 32.Kd4 Rh6 33.Nd3 e5+ 34.dxe6 fxe6 35.e5 dxe5+
36.Nxe5 Nxe5 37.Kxe5 Rh5+ 38.Kf4 Bxb5 39.Nxb5 Rxb5 40.b3 Rf5+ 41.Ke3 Rg5
42.Rxh4 Rxg2 43.Rc4 Kf6 44.b4 Ke5 45.b5 Kd6 46.b6 Rg5 47.Rc7 Rc5 48.Rxb7 Rxc2
49.Kd3 Rb2  1/2-1/2

[Event "16th Monarch Assurance"]
[Site "Port Erin IOM"]
[Date "2007.09.29"]
[Round "8"]
[White "Walton,A"]
[Black "Jackson,O"]
[Result "1-0"]
[WhiteElo "2223"]
[BlackElo "2198"]

1.d4 Nf6 2.Bg5 Ne4 3.Bf4 c5 4.f3 Qa5+ 5.c3 Nf6 6.d5 d6 7.e4 g6 8.Qd2 Nbd7
9.Nh3 b5 10.Be2 Bg7 11.O-O O-O 12.Nf2 Rb8 13.Bh6 Bxh6 14.Qxh6 e6 15.dxe6 fxe6
16.Nd2 Bb7 17.f4 e5 18.Nh3 exf4 19.Rxf4 c4 20.Rh4 Ne5 21.Rf1 Qb6+ 22.Kh1 Nf7
23.Qf4 Ne5 24.Qg5 Nfd7 25.Qe7 Rxf1+ 26.Nxf1 Nf8 27.Ng5 h5 28.Rf4  1-0

[Event "WJun Girls"]
[Site "Yerevan ARM"]
[Date "2007.10.04"]
[Round "2"]
[White "Bokuchava,M"]
[Black "Soumya,Sw"]
[Result "0-1"]
[WhiteElo "2130"]
[BlackElo "2244"]

1.d4 Nf6 2.Bg5 Ne4 3.Bf4 c5 4.f3 Qa5+ 5.c3 Nf6 6.Nd2 cxd4 7.Nb3 Qd8 8.Bxb8 Rxb8
9.Qxd4 a6 10.e4 d6 11.O-O-O Qc7 12.g4 e5 13.Qe3 Be7 14.Ne2 h6 15.Kb1 Be6
16.Ng3 d5 17.Nf5 Bf8 18.g5 hxg5 19.Qxg5 Bxf5 20.exf5 Rh5 21.Qg3 Rxf5 22.Bd3 Rh5
23.Nd4 g6 24.Rde1 Bd6 25.Qg2 Kd7 26.Ne2 Re8 27.Bc2 Kc8 28.Rd1 e4 29.fxe4 Nxe4
30.Bb3 Rg5 31.Qh3+ Kb8 32.Rhf1 Bc5 33.Qf3 Rf5 34.Qg2 Rxf1 35.Qxf1 Qxh2 36.Bxd5 Nd6
37.Nf4 Re5 38.Rd3 Rf5 39.Rf3 g5 40.b4 gxf4 41.bxc5 Rxd5 42.cxd6 Rb5+ 43.Kc1 Qb2+
44.Kd1 Qb1+  0-1

[Event "FSIM October"]
[Site "Budapest HUN"]
[Date "2007.10.09"]
[Round "4"]
[White "Pitl,G"]
[Black "Toth,E"]
[Result "1/2-1/2"]
[WhiteElo "2403"]
[BlackElo "2348"]

1.d4 Nf6 2.Bg5 Ne4 3.Bf4 c5 4.f3 Qa5+ 5.c3 Nf6 6.Nd2 cxd4 7.Nb3 Qb6 8.Qxd4 Nc6
9.Qxb6 axb6 10.Nd4 Nxd4 11.cxd4  1/2-1/2

[Event "TCh-HUN 2007-8"]
[Site "Budapest HUN"]
[Date "2007.10.14"]
[Round "1"]
[White "Hoang Thanh Trang"]
[Black "Tatar Kis,S"]
[Result "1-0"]
[WhiteElo "2466"]
[BlackElo "2375"]

1.d4 Nf6 2.Bg5 Ne4 3.Bf4 c5 4.f3 Qa5+ 5.c3 Nf6 6.Nd2 cxd4 7.Nb3 Qb6 8.Qxd4 Nc6
9.Qxb6 axb6 10.Nd4 e5 11.Nxc6 exf4 12.Nd4 Bc5 13.Nh3 Nd5 14.g3 fxg3 15.hxg3 Ne3
16.Kd2 Bxd4 17.cxd4 Nf5 18.Nf4 Nxg3 19.Rg1 Nxf1+ 20.Rgxf1 d6 21.Nd5 Ra5 22.Nxb6 Be6
23.a4 h5 24.b4 Rg5 25.Rfc1 Kd8 26.d5 Bd7 27.Rc4 Rg2 28.Rac1 Re8 29.Kd3 Rexe2
30.Nxd7 Rd2+ 31.Ke4 Rge2+ 32.Kf4 Kxd7 33.Rc7+ Ke8 34.Rxb7 g5+ 35.Kxg5 Rxd5+
36.Kf4 Rd4+ 37.Kg3 Kf8 38.Rh1 Ra2 39.a5 Ra4 40.Rxh5 Rdxb4 41.Rxb4 Rxb4 42.Rh4 Rb7
43.Ra4 Ke7 44.Kf4 Kd7 45.a6 Ra7 46.Ke4 Kc6 47.Kd4 Kb5 48.Ra1 Kc6 49.f4 f5
50.Ra2 d5 51.Ra5 Ra8 52.a7 Kb6 53.Ra1 Kc6 54.Ra2  1-0

[Event "Open"]
[Site "Hoogeveen NED"]
[Date "2007.10.19"]
[Round "8"]
[White "Sadallah,O"]
[Black "Van Kooten,L"]
[Result "0-1"]
[WhiteElo "2108"]
[BlackElo "2283"]

1.d4 Nf6 2.Bg5 Ne4 3.Bf4 c5 4.f3 Qa5+ 5.c3 Nf6 6.d5 Qb6 7.b3 e6 8.e4 exd5
9.exd5 Bd6 10.Bg5 Be7 11.Bc4 O-O 12.Ne2 d6 13.Ng3 Qd8 14.Bf4 Nbd7 15.O-O Nb6
16.Qd3 Nxc4 17.Qxc4 b5 18.Qd3 c4 19.bxc4 bxc4 20.Qd4 Qb6 21.Ne4 Nxd5 22.Bxd6 Bxd6
23.Qxb6 Bxh2+ 24.Kxh2 axb6 25.Nd6 Ne3 26.Rc1 Rd8 27.Nb5 Bf5 28.a3 Ra5 29.Nd4 Rc5
30.Nd2 Bd3 31.Kg3 Nf5+ 32.Nxf5 Bxf5 33.Nf1 h5 34.Ne3 Bd3 35.Nc2 Bxc2 36.Rxc2 Rb5
37.Rh1 Ra8 38.Rh4 Rc5 39.Ra2 b5 40.Rd4 g6 41.Rd7 Kg7 42.Kf2 Re5 43.Rb7 Rd5
44.Rb6 Ra5 45.Rb7 h4 46.f4 Ra6 47.Re7 Rf6 48.a4 Rxf4+ 49.Ke3 Rf1 50.Ke2 Rdf5
51.Ra3 R5f2+ 52.Ke3 Rxg2  0-1

[Event "Bundesliga 2007-8"]
[Site "Wattenscheid GER"]
[Date "2007.10.19"]
[Round "7"]
[White "Ernst,S"]
[Black "Holzke,F"]
[Result "1-0"]
[WhiteElo "2539"]
[BlackElo "2485"]

1.d4 Nf6 2.Bg5 Ne4 3.Bf4 c5 4.f3 Qa5+ 5.c3 Nf6 6.d5 e6 7.e4 exd5 8.exd5 d6
9.Qe2+ Be7 10.Bxd6 Nxd5 11.Bxe7 Nxe7 12.Qb5+ Qxb5 13.Bxb5+ Bd7 14.Na3 O-O
15.O-O-O Bc6 16.Nh3 a6 17.Bxc6 Nbxc6 18.Nc4 Rad8 19.Nd6 b6 20.Nf4 Ne5 21.Rhe1 N7c6
22.Kc2 Rd7 23.Nf5 Rxd1 24.Rxd1 g6 25.Ne3 Ne7 26.Rd6 Nc8 27.Rd2 Kg7 28.Nfd5 h5
29.h3 Re8 30.Nc7 Re7 31.Ned5 Rd7 32.Re2 Nc4 33.Ne8+ Kf8 34.Nef6 Rd8 35.g4 h4
36.f4 b5 37.b3 N4b6 38.Nc7 b4 39.Nxa6 bxc3 40.Nxc5 Nd6 41.Kxc3 Kg7 42.g5 Rc8
43.Re5 Nb5+ 44.Kd3 Rd8+ 45.Ke3 Nc3 46.a4 Rd1 47.Nd3 Rh1 48.Kd4  1-0

[Event "TCh-FIN 2007-8"]
[Site "Finland FIN"]
[Date "2007.10.20"]
[Round "3"]
[White "Karttunen,M"]
[Black "Nevanlinna,R"]
[Result "1-0"]
[WhiteElo "2427"]
[BlackElo "2324"]

1.d4 Nf6 2.Bg5 Ne4 3.Bf4 e6 4.f3 Bd6 5.Bxd6 Nxd6 6.e4 f5 7.e5 Nf7 8.f4 O-O
9.Nc3 d6 10.Nf3 c5 11.dxc5 dxe5 12.Qxd8 Rxd8 13.Nxe5 Nxe5 14.fxe5 Nc6 15.Bc4 Nxe5
16.Bb3 Kh8 17.O-O g6 18.Nb5 Rd2 19.Nc7 Rb8 20.Rad1 Rxd1 21.Rxd1 Bd7 22.Re1 Rc8
23.Nxe6 Ng4 24.Ng5 h6 25.Nf7+ Kg7 26.Nd6 Rc7 27.h3  1-0

[Event "Bundesliga 2007-8"]
[Site "Wattenscheid GER"]
[Date "2007.10.20"]
[Round "1"]
[White "Ernst,S"]
[Black "Scholz,C"]
[Result "1-0"]
[WhiteElo "2539"]
[BlackElo "2371"]

1.d4 Nf6 2.Bg5 Ne4 3.Bf4 c5 4.d5 Qb6 5.Nd2 Nxd2 6.Bxd2 Qxb2 7.e4 g6 8.Rb1 Qe5
9.Bd3 c4 10.Nf3 Qc7 11.Be2 Bg7 12.O-O d6 13.Rb4 Bg4 14.Rxc4 Qd8 15.Rb4 Bxf3
16.Bxf3 Qc7 17.Qe2 O-O 18.Qb5 b6 19.Bg4 Qb7 20.Be3 Na6 21.Rc4 Rab8 22.Rb1 Nc7
23.Qd7 Ne8 24.Qxb7 Rxb7 25.a4 Nf6 26.Bc8 Rb8 27.Bh3 Rfd8 28.f3 Ne8 29.Rc6 Be5
30.g3 h5 31.Kf2 Bf6 32.Ke2 h4 33.Kd3 hxg3 34.hxg3 Be5 35.Bf2 Kf8 36.Kc4 Kg7
37.Rb3 g5 38.Bf5 Kf8 39.Kb5 Rb7 40.Kc4 Rdb8 41.Kd3 Nc7 42.Bg4 e6 43.c4 Ke7
44.Ke2 Na6 45.f4 gxf4 46.gxf4 Bxf4 47.Bh4+ f6 48.Bf2 Rh8 49.Bxe6 Rc7 50.Rxc7+ Nxc7
51.Bf5 Kd8 52.a5 Na8 53.Rb1 Be5 54.Rg1 bxa5 55.Rg7 Rh2 56.Kf3 Nb6 57.c5 dxc5
58.Bxc5 Nc4 59.Rxa7 Bb8 60.Be7+ Ke8 61.Bg6+  1-0

[Event "33rd Fortis Open"]
[Site "Guernsey GCI"]
[Date "2007.10.23"]
[Round "3"]
[White "Collier,D"]
[Black "Cummins,J"]
[Result "1/2-1/2"]
[WhiteElo "2131"]
[BlackElo "1935"]

1.d4 Nf6 2.Bg5 Ne4 3.Bf4 d5 4.e3 e6 5.Bd3 Bd6 6.Nh3 Bxf4 7.Nxf4 Nf6 8.Nd2 Nbd7
9.Nf3 a6 10.c3 b6 11.Bc2 Bb7 12.O-O Qe7 13.Nd3 Rc8 14.Nfe5 Nxe5 15.Nxe5 Nd7
16.f4 g6 17.Qe2 f5 18.b4 Nxe5 19.fxe5 O-O 20.Bd3 b5 21.g3 Rf7 22.Rf2 Rcf8
23.Raf1 c6 24.a3  1/2-1/2

[Event "ch-Euro Blitz"]
[Site "Ajaccio FRA"]
[Date "2007.10.25"]
[Round "20"]
[White "Drazic,S"]
[Black "Mikhalevski,V"]
[Result "1/2-1/2"]
[WhiteElo "2493"]
[BlackElo "2584"]

1.d4 Nf6 2.Bg5 Ne4 3.Bf4 d5 4.f3 Nf6 5.Nc3 e6 6.e4 Be7 7.e5 Nfd7 8.Be3 c5
9.f4 cxd4 10.Bxd4 Nc6 11.Nf3 Nxd4 12.Nxd4 Qb6 13.Nb3 Qe3+ 14.Ne2 Nc5 15.Qd2 Qxd2+
16.Nxd2 Bd7 17.O-O-O Rc8 18.Nd4 a6 19.c3 b5 20.Kb1 f6 21.exf6 gxf6 22.Be2 O-O
23.Bg4 f5 24.Be2 Bf6 25.N2f3 Ne4 26.Rhf1 Rc7 27.Bd3 Nc5 28.Be2 Rb8 29.Rc1 Be8
30.Rc2 Bf7 31.Re1 Ne4 32.Bd3 Nc5 33.Bf1 Rb6 34.a3 h6 35.Re3 Kg7 36.Re1 Ne4
37.Bd3 Nc5 38.Bf1 Rcb7 39.Ne5 Ne4 40.Ndf3 Bh5 41.Bd3 a5 42.Rec1 Nc5 43.Bf1 Nb3
44.Re1 b4 45.a4 bxc3 46.Rxc3 Bxf3 47.gxf3 Bxe5 48.fxe5 Nd2+ 49.Ka1 Rxb2 50.Bb5 Rb3
51.Rc6 Nxf3 52.Re2 Nd4 53.Rg2+ Kf7 54.Rc8 Nxb5 55.Rcg8 Rb1+ 56.Kxb1 Nd6+
57.Ka2 Ne8 58.Rh8 Rb4 59.Rh7+ Kf8 60.Ka3 Re4 61.Rh8+ Kf7 62.Rh7+ Kf8 63.Rh8+ Kf7
64.Rh7+ Kf8 65.Rh8+ Kf7 66.Rh7+ Kf8 67.Rh8+ Ke7 68.Rh7+ Kf8 69.Rh8+ Kf7 70.Rh7+ Kf8
71.Rh8+ Kf7 72.Rh7+ Kf8 73.Rh8+  1/2-1/2

[Event "ch-Euro Blitz"]
[Site "Ajaccio FRA"]
[Date "2007.10.25"]
[Round "22"]
[White "Van Wely,L"]
[Black "Mikhalevski,V"]
[Result "1-0"]
[WhiteElo "2679"]
[BlackElo "2584"]

1.d4 Nf6 2.Bg5 Ne4 3.Bh4 d5 4.e3 c5 5.Nd2 Nd6 6.dxc5 Nf5 7.Bg3 Nc6 8.c3 a5
9.Bb5 Nxg3 10.hxg3 Bd7 11.a3 g6 12.Ngf3 Bg7 13.O-O O-O 14.Rc1 e5 15.b4 e4
16.Bxc6 bxc6 17.Nd4 h5 18.c4 h4 19.cxd5 cxd5 20.c6 Bc8 21.b5 Rb8 22.a4 hxg3
23.fxg3 Qg5 24.Qe1 Be5 25.Rf4 Kg7 26.Rc5 Bd6 27.Nxe4 Bxf4 28.Nxg5 Bxg5 29.Rxd5 Bf6
30.Qxa5 Re8 31.Kf2 Bg4 32.b6 Ra8 33.Qb5  1-0

[Event "ETCC w"]
[Site "Crete GRE"]
[Date "2007.10.30"]
[Round "3"]
[White "Hoang Thanh Trang"]
[Black "Skripchenko,A"]
[Result "1-0"]
[WhiteElo "2466"]
[BlackElo "2438"]

1.d4 Nf6 2.Bg5 Ne4 3.Bf4 d5 4.e3 c5 5.Bd3 Nf6 6.dxc5 Nc6 7.Nf3 e6 8.O-O Bxc5
9.Nbd2 O-O 10.c4 h6 11.Rc1 Bd6 12.Bxd6 Qxd6 13.cxd5 Nxd5 14.Nc4 Qe7 15.Qb3 Rb8
16.Be4 Bd7 17.Rfd1 Nf6 18.Nce5 Nxe5 19.Nxe5 Rfd8 20.Bf3 Be8 21.Rxd8 Qxd8
22.Qc3 Qd6 23.Qc7 Rd8 24.Qxd6 Rxd6 25.Rc7 b5 26.Rxa7 Rd2 27.b3 Nd5 28.h3 Kf8
29.Nd7+ Kg8 30.Nc5 Rc2 31.Nb7 Rc1+ 32.Kh2 Nc7 33.b4 Kf8 34.Nc5 Nd5 35.Bxd5 exd5
36.Kg3 Rc4 37.a3 d4 38.exd4 Rxd4 39.Kf3 Rd2 40.Ke3 Ra2 41.Ra6 Ke7 42.g3 Ra1
43.h4 h5 44.Nd3 Rb1 45.Nf4 Rb3+ 46.Kd4 Rb2 47.Nd5+ Kf8 48.Ke3 Rc2 49.Ra8 Rc4
50.Nf4 g6 51.Nd5 Rc6 52.Rb8 Re6+ 53.Kd4 Rd6 54.Ke5 Re6+ 55.Kf4 Kg7 56.Nc7 Rf6+
57.Ke5 Bd7 58.Rg8+ Kxg8 59.Kxf6 Kf8 60.Ke5 Ke7 61.Nd5+ Kd8 62.Ke4  1-0